000 00284nam a22001337a 4500
008 170202b xxu||||| |||| 00| 0 eng d
020 _a9781416046752
041 _aeng
080 _a61
100 _a3
101 _ashm
245 _aCOMMONPAINSYNDROMES
_cWALDMAN.D
942 _2udc
_cBK
999 _c4330
_d4330